| 000 | 01631cam a22003977a 4500 | ||
|---|---|---|---|
| 003 | CHAP | ||
| 005 | 20220329142713.0 | ||
| 008 | 010926d mx r 00110 spa d | ||
| 010 | _a86644 | ||
| 011 | _a87616 | ||
| 020 | _a9701864964 | ||
| 035 | _a98160 | ||
| 040 | _cCHAP | ||
| 090 | _aFolleto 16545 | ||
| 110 | 2 |
_aInstituto Politécnico Nacional. México _959427 |
|
| 245 | 1 | 0 |
_aReglamento de reconocimiento de validez oficial, equivalencia y revalidación de estudios del Instituto Politécnico Nacional : _breglamento de estudios escolarizados para los niveles medio superior y superior del Instituto Politécnico Nacional _c/comp. por María de Lourdes Martínez Peña |
| 260 |
_aMéxico, D.F. : _bInstituto Politécnico Nacional, _c2001. |
||
| 300 | _a80 p. | ||
| 410 | 2 | 1 | _aInstituto Politecnico Nacional |
| 490 | 0 |
_aCuadernos de legislacion politécnica _v; 3 |
|
| 590 |
_aBATCH-UPD _b10 _c20130110 _lUCH01 _h0748 |
||
| 590 |
_aBATCH-UPD _b10 _c20130410 _lUCH01 _h0429 |
||
| 590 |
_aBATCH-UPD _b10 _c20130914 _lUCH01 _h1235 |
||
| 590 |
_aCONVERSION _b10 _c20130109 _lUCH01 _h1348 |
||
| 650 | 1 | 4 |
_aEducación media superior. _935578 |
| 650 | 1 | 4 |
_aEducación superior _xEvaluación. _935633 |
| 650 | 1 | 4 |
_aEducación superior _xPlanes de estudio. _935650 |
| 650 | 1 | 4 |
_aEducacion superior _zMéxico (Cd.). _935407 |
| 700 | 1 |
_aMartínez Peña, María de Lourdes. _972377 |
|
| 810 | 0 | 0 |
_aInstituto Politecnico Nacional _959426 |
| 830 | 0 | 0 |
_aCuadernos de legislacion politécnica _v; 3 _929807 |
| 901 | _aBK | ||
| 905 | _aAlejandra Carrasco M. | ||
| 942 | _cFOLL | ||
| 949 |
_aFolleto 16545 _bBC _cFOLL _d981601 _eTS1 _i98160 _sb |
||
| 999 |
_c86644 _d86644 |
||